000 00421nam a2200169Ia 4500
005 20250606025558.0
008 240331s9999 xx 000 0 und d
020 _a9789556523102
082 _bWIJ
_a320
100 _aWijesuriya,S
245 0 _aNirmanakaranaya saha deshapalanaya
260 _aMulleriya
_bWijesuriya book centre
_c2007
300 _a166 p .,
650 _aCreativity
650 _apolitics
942 _cL
999 _c5064
_d5064